Dear Theodosia Hamilton (All Lyrics) - Statistics

General Stats
  • This quiz has been taken 225 times
    182 since last reset
  • The average score is 226 of 257
Answer Stats
Lyrics % Correct
the
100%
a
99%
Dear
99%
mother's
99%
my
99%
My
99%
so
99%
Theodosia
99%
you
99%
You
99%
your
99%
And
97%
and
97%
eyes
97%
have
97%
I
97%
say
97%
to
97%
what
96%
for
95%
heart
95%
it
95%
smile
95%
When
95%
when
95%
make
93%
me
93%
world
93%
was
92%
broke
91%
cried
91%
do
91%
nation
91%
of
91%
we
91%
age
89%
came
89%
come
89%
day
89%
into
89%
smart
89%
son
89%
We'll
89%
we'll
89%
will
89%
Will
89%
all
88%
fight
88%
I'm
88%
out
88%
us
88%
apart
86%
away
86%
fall
86%
name
86%
our
86%
right
86%
thought
86%
with
86%
you'll
86%
look
85%
Philip
85%
blow
84%
young
84%
am
82%
life
82%
at
81%
every
81%
never
81%
not
81%
Oh
81%
Someday
81%
someday
81%
word
81%
bleed
80%
give
80%
is
80%
looking
80%
sun
80%
There
80%
undone
80%
I'll
78%
knock
78%
morning
78%
now
78%
style
78%
Domestic
77%
more
77%
much
77%
Pride
77%
quite
77%
that
77%
outshine
76%
Yeah
76%
be
74%
dedicating
74%
on
74%
If
73%
mistakes
72%
safe
72%
sound
72%
strong
72%
takes
72%
around
70%
enough
70%
father
70%
foundation
70%
inside
70%
million
70%
wasn't
70%
whatever
70%
swear
68%
pass
66%
lay
65%
No matching quizzes found
Score Distribution
Percent of People with Each Score
Percentile by Number Answered
Your Score History
You have not taken this quiz since the last reset